000 00715nam a2200205 a 4500
001 000035313
005 20250612104112.0
008 111027s1951 ag 000 0 spa d
040 _aDO-SdBNP
_bspa
_cBNPHU
041 1 7 _aspa
_heng
100 1 _aOverstreet, Harry A.,
_d1875-1970
_961083
245 1 3 _aLa madurez del espiritu /
_cHarry A. Overstreet ; traducción de Antonio Portnoy.
260 _aBuenos Aires :
_bEspasa-Calpe Argentina,
_c1951.
300 _a240 p. ;
_c22 cm.
590 _aPerteneció a la biblioteca personal de Juan Isidro Jimenes Grullón.
650 2 0 _aMente y cuerpo
_92740
650 2 4 _aDisciplina mental
_961084
650 2 4 _aEspíritu
_961085
700 1 _aPortnoy, Antonio,
_etrad.
_961086
999 _c34804
_d34804